[Event "FIDE Grand Swiss Tournament 2019"]
[Site "Douglas ENG"]
[Date "2019.10.14"]
[Round "5"]
[White "Parligras, Mircea-Emilian"]
[Black "Xiong, Jeffery"]
[Result "0-1"]
[WhiteElo "2629"]
[BlackElo "2708"]
[PlyCount "128"]
[EventDate "2019.10.10"]

1. e4 c5 2. Nf3 d6 3. d4 cxd4 4. Nxd4 Nf6 5. Nc3 a6 6. Be2 e5 7. Nb3 Be7 8. O-O
O-O 9. Qd3 Be6 10. Bd2 Nbd7 11. Nd5 Bxd5 12. exd5 Ne8 13. Na5 Qc8 14. b4 Bd8
15. Nb3 e4 16. Qxe4 Nef6 17. Qc4 Qxc4 18. Bxc4 Ne5 19. Bd3 Nxd3 20. cxd3 Nxd5
21. Rfe1 Bf6 22. Rac1 Rfc8 23. Na5 b5 24. Nb7 Be7 25. Na5 Kf8 26. Kf1 Bf6 27.
Nb7 Rxc1 28. Rxc1 Ke7 29. Ke2 Kd7 30. Kf3 Re8 31. Na5 Bd4 32. Nb3 Bb2 33. Rb1
Bf6 34. Rc1 Re6 35. Rc2 Bd8 36. Nd4 Rf6+ 37. Ke4 Ne7 38. Bg5 d5+ 39. Ke3 Rg6
40. Nf3 f6 41. Bf4 Rg4 42. g3 g5 43. Bxg5 Nf5+ 44. Kd2 Rxg5 45. Nxg5 fxg5 46.
h3 Bb6 47. Ke1 Nd4 48. Rc1 h5 49. a3 Bc7 50. Rc5 Kd6 51. Rc1 Ne6 52. Kf1 Kd7
53. Re1 Bd6 54. Rc1 Nd4 55. Rc3 h4 56. gxh4 gxh4 57. Kg2 Ne2 58. Rc2 Nf4+ 59.
Kf3 Nxd3 60. Kg4 Ne5+ 61. Kxh4 d4 62. Kg5 d3 63. Rc1 Nc4 64. Rb1 d2 0-1

[Event "FIDE Grand Swiss Tournament 2019"]
[Site "Douglas ENG"]
[Date "2019.10.14"]
[Round "5"]
[White "Shankland, Sam"]
[Black "Volokitin, Andrei"]
[Result "1/2-1/2"]
[WhiteElo "2705"]
[BlackElo "2627"]
[PlyCount "126"]
[EventDate "2019.10.10"]

1. d4 Nf6 2. c4 e6 3. g3 d5 4. Bg2 Bb4+ 5. Nd2 O-O 6. Ngf3 b6 7. O-O a5 8. cxd5
exd5 9. a3 Be7 10. Nb1 Bb7 11. Nc3 Re8 12. Bf4 h6 13. Rc1 Na6 14. h4 Bf8 15. e3
c5 16. Ne5 cxd4 17. exd4 Nc7 18. Qb3 Ne6 19. Be3 Bd6 20. Rfd1 Rc8 21. f4 Bb8
22. Bf2 h5 23. Bh3 Ne4 24. Nxe4 Rxc1 25. Rxc1 dxe4 26. Nxf7 Nxd4 27. Nxd8+ Nxb3
28. Rd1 e3 29. Be6+ Kf8 30. Bxe3 Bc7 31. Rd7 Bxd8 32. Rf7+ Kg8 33. Re7+ Kf8 34.
Rxe8+ Kxe8 35. Bxb3 Bf6 36. Ba4+ Kf7 37. b4 axb4 38. axb4 Bc3 39. b5 Be1 40.
Bb3+ Ke7 41. Kh2 Ba5 42. Bd1 g6 43. f5 Kf6 44. fxg6 Kxg6 45. g4 hxg4 46. Bxg4
Be4 47. h5+ Kf6 48. Kg3 Bd3 49. Bd7 Be2 50. h6 Kg6 51. Be8+ Kh7 52. Bc6 Be1+
53. Kg2 Bc3 54. Kf2 Bd3 55. Kf3 Kh8 56. Kg4 Kh7 57. Kg5 Bb4 58. Bd7 Be7+ 59.
Kg4 Kg6 60. Be8+ Kh7 61. Bc6 Bf8 62. Kf3 Bxb5 63. Be4+ Kg8 1/2-1/2

[Event "FIDE Grand Swiss Tournament 2019"]
[Site "Douglas ENG"]
[Date "2019.10.14"]
[Round "5"]
[White "Akobian, Varuzhan"]
[Black "Amin, Bassem"]
[Result "1/2-1/2"]
[WhiteElo "2625"]
[BlackElo "2699"]
[PlyCount "102"]
[EventDate "2019.10.10"]

1. d4 Nf6 2. c4 g6 3. Nc3 Bg7 4. e4 d6 5. h3 O-O 6. Be3 c6 7. Bd3 Na6 8. Nge2
Nc7 9. a4 a5 10. Qd2 e5 11. d5 Na6 12. g4 Nb4 13. Ng3 Nd7 14. O-O-O cxd5 15.
Nxd5 Nxd5 16. exd5 b6 17. Bh6 Nc5 18. Bc2 f5 19. Kb1 f4 20. Bxg7 Kxg7 21. Ne4
f3 22. Rhg1 Rf4 23. Rde1 Qc7 24. b3 Bd7 25. Rg3 Raf8 26. Re3 Nxe4 27. Bxe4 Qc5
28. Bc2 Rd4 29. Qe1 Rdf4 30. Kb2 b5 31. axb5 a4 32. Qc3 Rc8 33. Rgxf3 Rxf3 34.
Rxf3 Bxb5 35. Qe3 axb3 36. Qxc5 Rxc5 37. Bxb3 Bxc4 38. Rc3 Bb5 39. Rxc5 dxc5
40. g5 Kf7 41. Kc3 Ke7 42. Bc4 Bd7 43. h4 Kd6 44. Kd3 Bf5+ 45. Ke3 Bc2 46. f3
Ba4 47. Kd2 Bd7 48. Kd3 Bf5+ 49. Ke3 Bb1 50. Bb3 Bf5 51. Bc4 Kc7 1/2-1/2

[Event "FIDE Grand Swiss Tournament 2019"]
[Site "Douglas ENG"]
[Date "2019.10.15"]
[Round "6"]
[White "Caruana, Fabiano"]
[Black "Fedoseev, Vladimir"]
[Result "1-0"]
[WhiteElo "2812"]
[BlackElo "2664"]
[PlyCount "87"]
[EventDate "2019.??.??"]

1. e4 c5 2. Nf3 Nc6 3. Bb5 g6 4. O-O Bg7 5. c3 e5 6. d4 cxd4 7. cxd4 exd4 8.
Bf4 Nge7 9. Bd6 O-O 10. Nbd2 a6 11. Qa4 Ra7 12. Bd3 b5 13. Qc2 Bb7 14. a4 bxa4
15. Rxa4 a5 16. h4 Ba6 17. Bxa6 Rxa6 18. b4 Na7 19. Qc5 Nac8 20. Bc7 Qe8 21. b5
d6 22. Qc4 d5 23. Qc5 dxe4 24. Nxe4 d3 25. Ra3 Re6 26. Nfg5 Nf5 27. Nxe6 Qxe6
28. Ra4 Re8 29. b6 Qd7 30. Qxa5 Nxb6 31. Bxb6 Qc6 32. f3 d2 33. Bf2 Bh6 34. Ra3
Qc2 35. Qd5 Qc1 36. Ra7 Rf8 37. Ra1 Ne3 38. Bxe3 Bxe3+ 39. Kh1 Qc7 40. Qd3 Bh6
41. Qd4 Rd8 42. Nf6+ Kh8 43. Nd5+ Kg8 44. Ra8 1-0

[Event "FIDE Grand Swiss Tournament 2019"]
[Site "Douglas ENG"]
[Date "2019.10.15"]
[Round "6"]
[White "Maghsoodloo, Parham"]
[Black "Grischuk, Alexander"]
[Result "1/2-1/2"]
[WhiteElo "2664"]
[BlackElo "2759"]
[PlyCount "47"]
[EventDate "2019.??.??"]

1. e4 e5 2. Nf3 Nc6 3. Bb5 Nf6 4. d3 Bc5 5. Bxc6 dxc6 6. Nbd2 Be6 7. Nb3 Bb6 8.
Nxe5 Bxb3 9. axb3 Qd4 10. Ng4 Nxg4 11. Qxg4 Qxf2+ 12. Kd1 O-O 13. Ra4 f5 14.
exf5 Qxf5 15. Bd2 Bc5 16. Re1 Qxg4+ 17. Rxg4 Rae8 18. Rge4 Rxe4 19. Rxe4 Rf1+
20. Re1 Rf2 21. Re2 Rf1+ 22. Re1 Rf2 23. Re2 Rf1+ 24. Re1 1/2-1/2

[Event "FIDE Grand Swiss Tournament 2019"]
[Site "Douglas ENG"]
[Date "2019.10.15"]
[Round "6"]
[White "Carlsen, Magnus"]
[Black "Shirov, Alexei"]
[Result "1-0"]
[WhiteElo "2876"]
[BlackElo "2664"]
[PlyCount "85"]
[EventDate "2019.??.??"]

1. e4 e5 2. Nf3 Nf6 3. d4 Nxe4 4. Bd3 d5 5. Nxe5 Nd7 6. Nc3 Nxe5 7. dxe5 Nxc3
8. bxc3 Be7 9. O-O O-O 10. f4 f5 11. Be3 c5 12. Be2 Be6 13. Bf3 Qd7 14. a4 Rad8
15. Qe2 Qc7 16. Rfb1 b6 17. Rd1 g5 18. h3 Rd7 19. Rd2 Rfd8 20. Rad1 gxf4 21.
Bxf4 d4 22. Qf2 Kh8 23. Kh1 Qc8 24. Kh2 Rg8 25. cxd4 cxd4 26. Rxd4 Rxd4 27.
Rxd4 Bc5 28. c3 Bxd4 29. cxd4 Qd7 30. Qd2 Bd5 31. e6 Qxe6 32. Be5+ Rg7 33. Qc3
Bxf3 34. Qxf3 Qe8 35. Qxf5 Kg8 36. Bxg7 Kxg7 37. Qg5+ Kf8 38. Qf4+ Ke7 39. Qe4+
Kf8 40. Qxh7 Qxa4 41. Qf5+ Kg7 42. Qe5+ Kf7 43. h4 1-0

[Event "FIDE Grand Swiss Tournament 2019"]
[Site "Douglas ENG"]
[Date "2019.10.15"]
[Round "6"]
[White "Karjakin, Sergey"]
[Black "Kryvoruchko, Yuriy"]
[Result "1/2-1/2"]
[WhiteElo "2760"]
[BlackElo "2669"]
[PlyCount "96"]
[EventDate "2019.??.??"]

1. e4 e5 2. Nf3 Nc6 3. Bc4 Nf6 4. d3 Be7 5. O-O O-O 6. Re1 d6 7. a4 Na5 8. Ba2
c5 9. c3 Nc6 10. Na3 a6 11. Bd2 Be6 12. Bxe6 fxe6 13. b4 cxb4 14. cxb4 b5 15.
axb5 axb5 16. Nxb5 Rxa1 17. Qxa1 Qb6 18. Na3 Ng4 19. Re2 Nxb4 20. Qb1 d5 21. h3
Nxf2 22. Rxf2 Bc5 23. d4 Bxd4 24. Be1 Bc5 25. Kh1 Bxf2 26. Bxf2 Qxf2 27. Qxb4
Qg3 28. exd5 Rxf3 29. gxf3 Qxh3+ 30. Kg1 Qg3+ 31. Kf1 Qxf3+ 32. Kg1 Qe3+ 33.
Kg2 Qg5+ 34. Kf3 Qf5+ 35. Kg2 Qg6+ 36. Kf3 Qd3+ 37. Kf2 Qf5+ 38. Kg2 Qg6+ 39.
Kf2 Qf6+ 40. Ke2 exd5 41. Qb8+ Qf8 42. Qxe5 Qxa3 43. Qxd5+ Kf8 44. Qf5+ Ke8 45.
Qc8+ Ke7 46. Qc7+ Kf6 47. Qf4+ Ke6 48. Qg4+ Kf6 1/2-1/2

[Event "FIDE Grand Swiss Tournament 2019"]
[Site "Douglas ENG"]
[Date "2019.10.15"]
[Round "6"]
[White "Vitiugov, Nikita"]
[Black "Bluebaum, Matthias"]
[Result "1-0"]
[WhiteElo "2732"]
[BlackElo "2643"]
[PlyCount "69"]
[EventDate "2019.??.??"]

1. c4 e6 2. Nc3 Nf6 3. e4 d5 4. e5 d4 5. exf6 dxc3 6. bxc3 Qxf6 7. d4 e5 8. Nf3
exd4 9. Bg5 Qe6+ 10. Be2 Be7 11. Nxd4 Qe4 12. Bxe7 Qxe7 13. O-O O-O 14. Re1 Qf6
15. Bf3 Qa6 16. Bd5 c6 17. Bxf7+ Kxf7 18. Qh5+ Kg8 19. Re8 Qxc4 20. Rxf8+ Kxf8
21. Re1 Bd7 22. Qg5 Qxc3 23. Qd8+ Kf7 24. Nf3 h6 25. Ne5+ Ke6 26. Kf1 Kd6 27.
Nxd7 Qd3+ 28. Kg1 Nxd7 29. Qxa8 Qd2 30. Rf1 Qxa2 31. Qxb7 Qa4 32. Qb2 Nf6 33.
Re1 Qa5 34. Qd4+ Nd5 35. Qe5+ 1-0

[Event "FIDE Grand Swiss Tournament 2019"]
[Site "Douglas ENG"]
[Date "2019.10.15"]
[Round "6"]
[White "Anand, Viswanathan"]
[Black "Abdusattorov, Nodirbek"]
[Result "1-0"]
[WhiteElo "2765"]
[BlackElo "2608"]
[PlyCount "93"]
[EventDate "2019.??.??"]

1. e4 e5 2. Nf3 Nc6 3. Bb5 Nf6 4. d3 Bc5 5. c3 d5 6. Nbd2 dxe4 7. dxe4 O-O 8.
O-O Qe7 9. b4 Bd6 10. a3 Nd8 11. Re1 a5 12. Rb1 axb4 13. axb4 Bg4 14. h3 Bh5
15. Nf1 Ne6 16. g4 Bg6 17. Ng3 Rfd8 18. Qe2 Nf4 19. Qf1 c6 20. Bc4 b5 21. Bb3
Bc7 22. Bxf4 exf4 23. Nf5 Bxf5 24. exf5 Qf8 25. c4 h6 26. cxb5 cxb5 27. Qxb5
Rab8 28. Qe2 Re8 29. Qa2 Rxe1+ 30. Rxe1 Re8 31. Rxe8 Qxe8 32. Qa7 Qb8 33. Qc5
Bd6 34. Qc4 Qc7 35. Qxc7 Bxc7 36. g5 hxg5 37. Nxg5 Kf8 38. Bxf7 Bd6 39. b5 Nd7
40. Be6 Nc5 41. Kg2 Ke7 42. Kf3 Bc7 43. Bc4 Kf6 44. Ne4+ Nxe4 45. Kxe4 Ke7 46.
f3 Kd6 47. f6 1-0

[Event "FIDE Grand Swiss Tournament 2019"]
[Site "Douglas ENG"]
[Date "2019.10.15"]
[Round "6"]
[White "Sjugirov, Sanan"]
[Black "So, Wesley"]
[Result "1/2-1/2"]
[WhiteElo "2662"]
[BlackElo "2767"]
[PlyCount "61"]
[EventDate "2019.??.??"]

1. d4 Nf6 2. c4 e6 3. Nf3 d5 4. g3 dxc4 5. Bg2 c5 6. O-O Nc6 7. dxc5 Qxd1 8.
Rxd1 Bxc5 9. Nbd2 c3 10. bxc3 O-O 11. Nb3 Be7 12. c4 Bd7 13. Bb2 Rfd8 14. Nfd4
Rac8 15. Nb5 b6 16. Nd6 Bxd6 17. Rxd6 Be8 18. Rxd8 Nxd8 19. Rc1 Bc6 20. c5 Bxg2
21. Kxg2 Nd7 22. cxb6 Rxc1 23. Bxc1 axb6 24. Kf3 Nc6 25. Ke4 f5+ 26. Kd3 b5 27.
Ba3 e5 28. e4 g6 29. Nc5 Nxc5+ 30. Bxc5 Kf7 31. f3 1/2-1/2

[Event "FIDE Grand Swiss Tournament 2019"]
[Site "Douglas ENG"]
[Date "2019.10.15"]
[Round "6"]
[White "Nabaty, Tamir"]
[Black "Yu, Yangyi"]
[Result "0-1"]
[WhiteElo "2658"]
[BlackElo "2763"]
[PlyCount "100"]
[EventDate "2019.??.??"]

1. d4 Nf6 2. Nf3 b6 3. Bg5 Bb7 4. Nbd2 e6 5. e4 Be7 6. Bd3 h6 7. Bxf6 Bxf6 8.
Qe2 d6 9. h4 Nd7 10. e5 Be7 11. O-O-O d5 12. Kb1 a6 13. c4 b5 14. c5 Nb8 15.
Ne1 Nc6 16. Nc2 h5 17. f4 Qd7 18. g4 hxg4 19. Qxg4 O-O-O 20. f5 Kb8 21. Qxg7
exf5 22. h5 Rdg8 23. Qxf7 Rf8 24. e6 Qd8 25. Qg6 Rhg8 26. Qh7 Rh8 27. Qg6 Rhg8
28. Qh6 Rg5 29. Nf3 Rh8 30. Nxg5 Rxh6 31. Nf7 Qf8 32. Bxf5 Bc8 33. Rdg1 Rxe6
34. Bxe6 Bxe6 35. h6 Bxf7 36. Rf1 Nd8 37. Ka1 Qh8 38. Nb4 Qh7 39. Rh3 Be6 40.
Rhh1 Kb7 41. a4 Nc6 42. Nxc6 Kxc6 43. Re1 Bf5 44. Rh5 Be4 45. Rf1 bxa4 46. Re5
Kd7 47. Ka2 Qg6 48. Rf2 Qg1 49. h7 Qb1+ 50. Ka3 Qd3+ 0-1

[Event "FIDE Grand Swiss Tournament 2019"]
[Site "Douglas ENG"]
[Date "2019.10.15"]
[Round "6"]
[White "Kovalev, Vladislav"]
[Black "Harikrishna, Pentala"]
[Result "1-0"]
[WhiteElo "2661"]
[BlackElo "2748"]
[PlyCount "119"]
[EventDate "2019.??.??"]

1. e4 e5 2. Nf3 Nc6 3. Bb5 a6 4. Ba4 Nf6 5. O-O Be7 6. Re1 b5 7. Bb3 d6 8. c3
O-O 9. h3 Nd7 10. d4 Bf6 11. a4 Bb7 12. d5 Ne7 13. axb5 axb5 14. Rxa8 Bxa8 15.
Na3 Nc5 16. Bc2 c6 17. b4 Na6 18. dxc6 Bxc6 19. Qd3 Nc7 20. Rd1 Nc8 21. Be3 Qd7
22. Nd2 Ne6 23. Nb3 Bd8 24. Nc5 Nxc5 25. bxc5 Be7 26. c4 b4 27. Nb5 Rd8 28. Qb3
Qe8 29. cxd6 Nxd6 30. Nxd6 Bxd6 31. c5 Bc7 32. Rxd8 Qxd8 33. Qxb4 Qd7 34. Qb1
h6 35. Bb3 Kf8 36. Bc4 Qd8 37. Qc2 Ke7 38. Bb3 Qd7 39. Qc4 Kf8 40. Qc2 Bd8 41.
Bc4 Bc7 42. f3 f5 43. Bb3 f4 44. Bf2 Ke7 45. Qc4 Qe8 46. Qd3 Qb8 47. Bd5 Qb5
48. Qc2 Qa4 49. Qc1 Bb5 50. c6 Qa5 51. Kh2 g5 52. Bc5+ Bd6 53. Qb2 Bxc5 54.
Qxe5+ Kd8 55. Qb8+ Ke7 56. Qb7+ Kd6 57. Qd7+ Ke5 58. Qg7+ Kd6 59. Qf6+ Kc7 60.
Qf7+ 1-0

[Event "FIDE Grand Swiss Tournament 2019"]
[Site "Douglas ENG"]
[Date "2019.10.15"]
[Round "6"]
[White "Wojtaszek, Radoslaw"]
[Black "Demchenko, Anton"]
[Result "1-0"]
[WhiteElo "2748"]
[BlackElo "2655"]
[PlyCount "101"]
[EventDate "2019.??.??"]

1. d4 Nf6 2. c4 g6 3. Nc3 Bg7 4. e4 O-O 5. Nf3 d6 6. Be2 e5 7. O-O Nc6 8. d5
Ne7 9. b4 a5 10. bxa5 Rxa5 11. a4 c5 12. Bd2 Ra6 13. Qc1 Nh5 14. Rb1 b6 15. Rb3
Bd7 16. Ra3 f5 17. Nb5 fxe4 18. Ng5 Nf4 19. Bxf4 exf4 20. Nxe4 Nf5 21. Qxf4 Bh6
22. Qf3 Ne3 23. Rxe3 Rxf3 24. Rxf3 Bxb5 25. axb5 Ra2 26. Bd3 Bg7 27. g3 Ra3 28.
h4 h6 29. Re1 Be5 30. Kg2 Kg7 31. Nd2 Ra2 32. Nf1 Qa8 33. Nh2 Ra1 34. Re4 h5
35. Rfe3 Qa4 36. Re1 Rd1 37. Rxd1 Qxd1 38. Bf1 Qb1 39. Re2 Kf7 40. Nf3 Bf6 41.
Re6 Be7 42. Nd2 Qc2 43. Ne4 Kf8 44. Nxd6 Bxd6 45. Rxd6 g5 46. hxg5 h4 47. Rf6+
Kg7 48. gxh4 Qe4+ 49. Kg3 Qe5+ 50. Rf4 Kg6 51. Kg4 1-0

[Event "FIDE Grand Swiss Tournament 2019"]
[Site "Douglas ENG"]
[Date "2019.10.15"]
[Round "6"]
[White "Nakamura, Hikaru"]
[Black "Riazantsev, Alexander"]
[Result "1-0"]
[WhiteElo "2745"]
[BlackElo "2645"]
[PlyCount "63"]
[EventDate "2019.??.??"]

1. e4 c6 2. d4 d5 3. Nc3 dxe4 4. Nxe4 Bf5 5. Ng3 Bg6 6. h4 h6 7. Nf3 Nd7 8. h5
Bh7 9. Bd3 Bxd3 10. Qxd3 e6 11. Bd2 Ngf6 12. O-O-O Qc7 13. Ne4 O-O-O 14. g3 Be7
15. Nxf6 Nxf6 16. Qe2 Rhe8 17. Kb1 Nd7 18. Rhe1 Kb8 19. c4 Ka8 20. c5 Qc8 21.
Qc4 Nf6 22. Ne5 Rf8 23. Qa4 Rd5 24. Nc4 Bd8 25. Bf4 Rxh5 26. Re3 a6 27. Nd6 Qc7
28. Nxb7 Qxb7 29. Rb3 Nd5 30. Rxb7 Kxb7 31. Qb3+ Kc8 32. Qb8+ 1-0

[Event "FIDE Grand Swiss Tournament 2019"]
[Site "Douglas ENG"]
[Date "2019.10.15"]
[Round "6"]
[White "Bu, Xiangzhi"]
[Black "Zhang, Zhong"]
[Result "1/2-1/2"]
[WhiteElo "2721"]
[BlackElo "2636"]
[PlyCount "64"]
[EventDate "2019.??.??"]

1. Nf3 d5 2. d4 Nf6 3. c4 dxc4 4. e3 e6 5. Bxc4 c5 6. O-O Nc6 7. Qe2 a6 8. Nc3
b5 9. Bd3 Bb7 10. Rd1 cxd4 11. exd4 Nb4 12. Bg5 Nxd3 13. Rxd3 Be7 14. Bxf6 Bxf6
15. d5 O-O 16. dxe6 Qe7 17. Ne5 Qxe6 18. Nd7 Rfe8 19. Qxe6 Rxe6 20. Nc5 Re7 21.
Rad1 b4 22. Nxb7 bxc3 23. Rd8+ Re8 24. Rxa8 Rxa8 25. bxc3 Bxc3 26. g4 g6 27.
Rd7 Bf6 28. Kg2 Kf8 29. a4 Ke8 30. Rd5 Be7 31. Kf3 Rb8 32. Nc5 Bxc5 1/2-1/2

[Event "FIDE Grand Swiss Tournament 2019"]
[Site "Douglas ENG"]
[Date "2019.10.15"]
[Round "6"]
[White "Kasimdzhanov, Rustam"]
[Black "Vidit, Santosh Gujrathi"]
[Result "1/2-1/2"]
[WhiteElo "2657"]
[BlackElo "2718"]
[PlyCount "60"]
[EventDate "2019.??.??"]

1. e4 e5 2. Nf3 Nc6 3. Bc4 Bc5 4. c3 Nf6 5. d3 O-O 6. b4 Be7 7. Nbd2 d5 8. Bb3
Be6 9. O-O dxe4 10. dxe4 Bxb3 11. Qxb3 b5 12. Bb2 a5 13. a3 Qd3 14. Rfe1 axb4
15. cxb4 Qxb3 16. Nxb3 Nd7 17. Rac1 Ra6 18. Red1 Bd6 19. Ne1 f6 20. Nd3 Nd8 21.
g3 Rc6 22. Na5 Rxc1 23. Bxc1 Nb8 24. Be3 Nbc6 25. Rc1 Nxa5 26. bxa5 Ne6 27. Rb1
Ra8 28. Rxb5 Bxa3 29. Kf1 c6 30. Rb6 Rxa5 1/2-1/2

[Event "FIDE Grand Swiss Tournament 2019"]
[Site "Douglas ENG"]
[Date "2019.10.15"]
[Round "6"]
[White "Matlakov, Maxim"]
[Black "Papaioannou, Ioannis"]
[Result "1/2-1/2"]
[WhiteElo "2716"]
[BlackElo "2645"]
[PlyCount "95"]
[EventDate "2019.??.??"]

1. d4 Nf6 2. c4 e6 3. Nc3 Bb4 4. f3 c5 5. d5 O-O 6. e4 d6 7. Nge2 a6 8. Ng3
exd5 9. cxd5 Nbd7 10. Be2 Re8 11. O-O Nf8 12. a3 Ba5 13. Rb1 b5 14. Be3 Bd7 15.
b4 cxb4 16. axb4 Bb6 17. Qd2 Ng6 18. Rfc1 Bxe3+ 19. Qxe3 h5 20. Nh1 h4 21. f4
Bg4 22. Bf1 Rc8 23. Nf2 Bd7 24. g3 a5 25. Nxb5 Nxd5 26. Qd2 hxg3 27. hxg3 Rxc1
28. Rxc1 Ndxf4 29. gxf4 Qh4 30. Nxd6 Qg3+ 31. Kh1 Qh4+ 32. Kg1 Qg3+ 33. Kh1
Qh4+ 34. Nh3 Bxh3 35. Qh2 Rd8 36. Qxh3 Qxf4 37. Nxf7 Rf8 38. Rc8 Qxe4+ 39. Bg2
Qe1+ 40. Kh2 Rxc8 41. Qxc8+ Kxf7 42. Qf5+ Ke7 43. Qg5+ Kf8 44. bxa5 Qe5+ 45.
Qxe5 Nxe5 46. a6 Nd7 47. a7 Nb6 48. a8=B 1/2-1/2

[Event "FIDE Grand Swiss Tournament 2019"]
[Site "Douglas ENG"]
[Date "2019.10.15"]
[Round "6"]
[White "Xiong, Jeffery"]
[Black "Najer, Evgeniy"]
[Result "1/2-1/2"]
[WhiteElo "2708"]
[BlackElo "2635"]
[PlyCount "71"]
[EventDate "2019.??.??"]

1. e4 c6 2. d4 d5 3. Nd2 dxe4 4. Nxe4 Nf6 5. Nxf6+ exf6 6. c3 Bd6 7. Bd3 O-O 8.
Qc2 Re8+ 9. Ne2 h5 10. O-O Qc7 11. h3 h4 12. Bd2 Nd7 13. c4 Qd8 14. Rfe1 Nf8
15. Rad1 Bc7 16. d5 cxd5 17. cxd5 Bd7 18. Qc4 f5 19. Nd4 Rc8 20. Qb3 Rxe1+ 21.
Bxe1 Qf6 22. Nf3 Ng6 23. d6 Bxd6 24. Qxb7 Rc7 25. Qb8+ Kh7 26. Bxf5 Qxf5 27.
Rxd6 Rc1 28. Qd8 Be6 29. Rd1 Rxd1 30. Qxd1 Bxa2 31. b3 f6 32. Nd4 Qe4 33. f3
Qb1 34. Qxb1 Bxb1 35. Nc6 Bc2 36. Nxa7 1/2-1/2

[Event "FIDE Grand Swiss Tournament 2019"]
[Site "Douglas ENG"]
[Date "2019.10.17"]
[Round "7"]
[White "Grischuk, Alexander"]
[Black "Caruana, Fabiano"]
[Result "1/2-1/2"]
[WhiteElo "2759"]
[BlackElo "2812"]
[PlyCount "84"]
[EventDate "2019.10.10"]

1. c4 e5 2. g3 Nf6 3. Bg2 c6 4. d4 e4 5. a3 d5 6. Nc3 Be7 7. f3 exf3 8. Nxf3
O-O 9. O-O h6 10. Nh4 Re8 11. Nf5 Bf8 12. g4 Bxf5 13. Rxf5 dxc4 14. e4 Nbd7 15.
g5 Nh7 16. gxh6 g6 17. Rf1 Qh4 18. Bf4 Bxh6 19. Bg3 Qe7 20. e5 f5 21. b3 Nb6
22. bxc4 Nxc4 23. Qb3 Qf7 24. Rab1 Be3+ 25. Bf2 Bxf2+ 26. Rxf2 Rad8 27. Ne2 Re7
28. h4 Nd2 29. Qxf7+ Rxf7 30. Rb4 Nf8 31. Nc3 a5 32. Ra4 Nb3 33. d5 Kg7 34. h5
b5 35. Raf4 cxd5 36. Nxb5 Re7 37. hxg6 Nxg6 38. Rxf5 d4 39. Nd6 Rxe5 40. Rf7+
Kg8 41. R7f6 Kg7 42. Rf7+ Kg8 1/2-1/2

[Event "FIDE Grand Swiss Tournament 2019"]
[Site "Douglas ENG"]
[Date "2019.10.17"]
[Round "7"]
[White "Aronian, Levon"]
[Black "Wang, Hao"]
[Result "1-0"]
[WhiteElo "2758"]
[BlackElo "2726"]
[PlyCount "117"]
[EventDate "2019.10.10"]

1. d4 Nf6 2. c4 e6 3. Nf3 d5 4. Nc3 c5 5. cxd5 Nxd5 6. e3 Nc6 7. Bd3 Be7 8. a3
Nxc3 9. bxc3 O-O 10. Qc2 h6 11. O-O b6 12. Rd1 Bf6 13. dxc5 Qc7 14. cxb6 axb6
15. Bb2 Ne5 16. Bh7+ Kh8 17. Be4 Ra5 18. c4 Nxf3+ 19. Bxf3 Bxb2 20. Qxb2 Ba6
21. Be2 Bxc4 22. Bxc4 Qxc4 23. Qxb6 Raa8 24. Qb4 Qc7 25. h3 Qa5 26. Qf4 Qf5 27.
Qxf5 exf5 28. Rd5 g6 29. a4 Rfc8 30. Ra2 Rc1+ 31. Kh2 h5 32. a5 Ra6 33. g3 Kg7
34. Kg2 Rb1 35. Kf3 Kf6 36. Rc5 Ke6 37. h4 Rb4 38. Rd2 Rb7 39. Kf4 Kf6 40. Rcd5
Ke6 41. Kg5 Rba7 42. Kh6 Rxa5 43. Rd6+ Ke7 44. Kg7 R5a6 45. R6d5 Ra5 46. Rxa5
Rxa5 47. Rb2 Ra7 48. Rb5 Ra2 49. Rb7+ Ke6 50. Rxf7 Rxf2 51. Rf6+ Ke5 52. Rxg6
Rf3 53. Kh6 Rxe3 54. Kxh5 f4 55. g4 f3 56. Kg5 Ra3 57. Rf6 Ra8 58. Rf5+ Ke4 59.
h5 1-0

[Event "FIDE Grand Swiss Tournament 2019"]
[Site "Douglas ENG"]
[Date "2019.10.17"]
[Round "7"]
[White "Alekseenko, Kirill"]
[Black "Carlsen, Magnus"]
[Result "1/2-1/2"]
[WhiteElo "2674"]
[BlackElo "2876"]
[PlyCount "110"]
[EventDate "2019.10.10"]

1. e4 c5 2. Nf3 d6 3. d4 cxd4 4. Nxd4 Nf6 5. Nc3 a6 6. Be2 e5 7. Nb3 Be7 8. O-O
O-O 9. Kh1 b5 10. a4 Bb7 11. Nd5 b4 12. Nxf6+ Bxf6 13. f3 Qc7 14. Bd2 Nc6 15.
a5 Bc8 16. Bc4 Be6 17. Bxe6 fxe6 18. Qe2 Rfc8 19. Rfd1 Nd4 20. Nxd4 exd4 21.
Bxb4 Qxc2 22. Qxc2 Rxc2 23. Bxd6 Rxb2 24. e5 Bd8 25. h3 Rc8 26. Rxd4 h5 27. Bb4
Bg5 28. f4 Bh4 29. Be1 Bxe1 30. Rxe1 Rcc2 31. Rg1 Ra2 32. Rd6 Rxa5 33. Rxe6 Rf2
34. Rc1 Kh7 35. Re1 Raa2 36. f5 Rxg2 37. Rxa6 Rh2+ 38. Kg1 Rag2+ 39. Kf1 Rf2+
40. Kg1 Rfg2+ 41. Kf1 Rg5 42. Ra3 Rh1+ 43. Ke2 Rxe1+ 44. Kxe1 Rxf5 45. e6 Re5+
46. Kf2 Rxe6 47. Kg3 g5 48. Ra8 Rd6 49. Rb8 Kg7 50. Ra8 Kf6 51. Rf8+ Ke5 52.
Re8+ Kf5 53. Rf8+ Rf6 54. Ra8 h4+ 55. Kg2 Rb6 1/2-1/2

[Event "FIDE Grand Swiss Tournament 2019"]
[Site "Douglas ENG"]
[Date "2019.10.17"]
[Round "7"]
[White "Anton Guijarro, David"]
[Black "Vitiugov, Nikita"]
[Result "1/2-1/2"]
[WhiteElo "2674"]
[BlackElo "2732"]
[PlyCount "82"]
[EventDate "2019.10.10"]

1. c4 c6 2. Nf3 d5 3. d4 Nf6 4. Nc3 e6 5. e3 Nbd7 6. Qc2 Bd6 7. b3 O-O 8. Be2
e5 9. cxd5 cxd5 10. Nb5 Bb4+ 11. Bd2 Bxd2+ 12. Nxd2 a6 13. dxe5 Nxe5 14. Nd4
Bg4 15. Bxg4 Nfxg4 16. O-O Rc8 17. Qf5 g6 18. Qf4 Qe7 19. N2f3 Rc5 20. Rfd1
Rfc8 21. h3 Nxf3+ 22. gxf3 Nf6 23. Qg5 Kf8 24. Kg2 Ng8 25. h4 Qf6 26. b4 Rc4
27. Rab1 Qxg5+ 28. hxg5 h6 29. f4 hxg5 30. fxg5 Ne7 31. b5 axb5 32. Rxb5 R8c7
33. Rd2 Ra4 34. Kf3 Kg7 35. Rdb2 Ra7 36. Kf4 Rd7 37. Rc5 Ra4 38. Kf3 Nf5 39.
Nxf5+ gxf5 40. Rd2 Kg6 41. Rdxd5 Rxd5 1/2-1/2

[Event "FIDE Grand Swiss Tournament 2019"]
[Site "Douglas ENG"]
[Date "2019.10.17"]
[Round "7"]
[White "Yu, Yangyi"]
[Black "Maghsoodloo, Parham"]
[Result "1/2-1/2"]
[WhiteElo "2763"]
[BlackElo "2664"]
[PlyCount "98"]
[EventDate "2019.10.10"]

1. d4 f5 2. g3 Nf6 3. Bg2 g6 4. Nf3 Bg7 5. O-O O-O 6. b3 b6 7. c4 Bb7 8. Nc3 e6
9. Bf4 a5 10. Rc1 Na6 11. d5 Nc5 12. dxe6 Nxe6 13. Be5 Bh6 14. e3 Ng4 15. Nd5
Nxe5 16. Nxe5 d6 17. Nd3 Rb8 18. a3 Re8 19. b4 axb4 20. axb4 Ng5 21. b5 Bg7 22.
N3b4 Ne4 23. Nc6 Bxc6 24. bxc6 Nf6 25. Nc3 Kh8 26. Ra1 Ne4 27. Nxe4 fxe4 28.
Ra7 b5 29. cxb5 Rxb5 30. Qa4 Rbe5 31. Bh3 Rf8 32. Bd7 h5 33. Qa6 Rc5 34. Qb7
Rc2 35. Qb3 Rb2 36. Qe6 Qg5 37. Qxe4 d5 38. Qe6 d4 39. Rb7 dxe3 40. Rxb2 Bxb2
41. fxe3 Rxf1+ 42. Kxf1 Qf6+ 43. Qxf6+ Bxf6 44. Ke2 Kg7 45. Kf3 Be5 46. Ke4 Kf6
47. Be8 h4 48. gxh4 Bxh2 49. Kd5 Bg3 1/2-1/2

[Event "FIDE Grand Swiss Tournament 2019"]
[Site "Douglas ENG"]
[Date "2019.10.17"]
[Round "7"]
[White "Kryvoruchko, Yuriy"]
[Black "Anand, Viswanathan"]
[Result "1/2-1/2"]
[WhiteElo "2669"]
[BlackElo "2765"]
[PlyCount "93"]
[EventDate "2019.10.10"]

1. e4 c5 2. Nf3 e6 3. d4 cxd4 4. Nxd4 Nc6 5. Nc3 Qc7 6. Be2 a6 7. O-O Nf6 8.
Be3 Be7 9. f4 d6 10. Qe1 Bd7 11. Kh1 b5 12. a3 O-O 13. Qg3 Kh8 14. Rad1 b4 15.
axb4 Nxb4 16. e5 dxe5 17. fxe5 Nfd5 18. Nxd5 Nxd5 19. Bc1 Bc5 20. Bf3 Rac8 21.
Be4 f5 22. Nxe6 Bxe6 23. Bxd5 Bxd5 24. Rxd5 Be7 25. c3 Qc6 26. Qd3 Qe6 27. Ra5
Rc6 28. Qd5 Qxd5 29. Rxd5 Kg8 30. Be3 Rb8 31. Rd7 Bc5 32. Bc1 g6 33. g4 fxg4
34. Rf6 Rxf6 35. exf6 Rf8 36. b4 Bf2 37. Bg5 h6 38. Bxh6 Rxf6 39. Kg2 Be1 40.
Rg7+ Kf8 41. Rc7+ Ke8 42. Be3 Kd8 43. Ra7 Rc6 44. Bd4 Bxc3 45. Bxc3 Rxc3 46.
Rxa6 Rb3 47. Rxg6 1/2-1/2